[Event "Milan Crespi op-B 31th"]
[Site "Milan"]
[Date "2010.12.08"]
[Round "7"]
[White "Orsi, Matteo"]
[Black "Petrone, Gianmario"]
[Result "1-0"]
[WhiteElo "1954"]
[BlackElo "1778"]
[PlyCount "37"]
[EventDate "2010.12.04"]
[EventType "swiss"]
[EventRounds "7"]
[EventCountry "ITA"]
[SourceTitle "EXT 2024"]
[Source "ChessBase"]
[SourceDate "2023.10.10"]
[SourceVersion "1"]
[SourceVersionDate "2023.10.10"]
[SourceQuality "1"]

1. d4 d5 2. Nf3 Nf6 3. c4 c6 4. Qc2 g6 5. g3 Bg7 6. Bg2 0-0 7. 0-0 Bf5 8. Qb3 Qd7 9. Ne5 Qc7 10. cxd5 cxd5 11. Bf4 Nh5 12. Rc1 Qb6 13. Qxb6 axb6 14. Be3 Nd7 15. Nxd7 Bxd7 16. Bxd5 Rfd8 17. Bxb7 Ra7 18. Bf3 Bb5 19. Nc3 1-0

[Event "Milan Crespi op-B 31th"]
[Site "Milan"]
[Date "2010.12.05"]
[Round "3"]
[White "Orsi, Matteo"]
[Black "Motola, Jacopo"]
[Result "1/2-1/2"]
[WhiteElo "1954"]
[BlackElo "1837"]
[PlyCount "46"]
[EventDate "2010.12.04"]
[EventType "swiss"]
[EventRounds "7"]
[EventCountry "ITA"]
[SourceTitle "EXT 2024"]
[Source "ChessBase"]
[SourceDate "2023.10.10"]
[SourceVersion "1"]
[SourceVersionDate "2023.10.10"]
[SourceQuality "1"]

1. d4 d5 2. Nf3 e6 3. c4 c5 4. cxd5 exd5 5. dxc5 Bxc5 6. g3 Nf6 7. Bg2 Nc6 8. 0-0 Be6 9. b3 0-0 10. Bb2 Qe7 11. Nd4 Rfd8 12. e3 Rac8 13. Nd2 Nxd4 14. exd4 Bb6 15. Nf3 Bf5 16. Rc1 Rxc1 17. Qxc1 Rc8 18. Qf4 Qe4 19. Qxe4 Bxe4 20. Rd1 Rc2 21. Rd2 Ba5 22. Rxc2 Bxc2 23. Ne5 Kf8 1/2-1/2

[Event "Milan Epiphany op"]
[Site "Milan"]
[Date "2010.01.06"]
[Round "7"]
[White "Orsi, Matteo"]
[Black "Colombo, Luca"]
[Result "1/2-1/2"]
[WhiteElo "1950"]
[BlackElo "1874"]
[PlyCount "72"]
[EventDate "2010.01.02"]
[EventType "swiss"]
[EventRounds "7"]
[EventCountry "ITA"]
[SourceTitle "EXT 2024"]
[Source "ChessBase"]
[SourceDate "2023.10.10"]
[SourceVersion "1"]
[SourceVersionDate "2023.10.10"]
[SourceQuality "1"]

1. Nf3 c5 2. g3 d6 3. Bg2 Nf6 4. d3 g6 5. e4 Nc6 6. 0-0 Bg7 7. c3 0-0 8. h3 Qc7 9. Bg5 Re8 10. Nbd2 b6 11. d4 Nd7 12. Nb3 Ba6 13. Re1 Rac8 14. Rc1 Qb8 15. Qd2 Bb7 16. d5 Nce5 17. Nxe5 Nxe5 18. f4 c4 19. fxe5 cxb3 20. exd6 Qxd6 21. axb3 Qxg3 22. Qf4 Qxf4 23. Bxf4 Red8 24. Rcd1 h6 25. e5 Rd7 26. h4 Rcd8 27. c4 e6 28. Bh3 Kf8 29. Bd2 a5 30. Bc3 Bc8 31. Bd4 Rb7 32. d6 Bd7 33. Bg2 Rbb8 34. Rd3 Rdc8 35. Rf1 Kg8 36. Rdf3 Rf8 1/2-1/2

[Event "Milan Epiphany op"]
[Site "Milan"]
[Date "2010.01.03"]
[Round "3"]
[White "Orsi, Matteo"]
[Black "Bisignano, Giuseppe"]
[Result "1-0"]
[WhiteElo "1950"]
[BlackElo "1942"]
[PlyCount "55"]
[EventDate "2010.01.02"]
[EventType "swiss"]
[EventRounds "7"]
[EventCountry "ITA"]
[SourceTitle "EXT 2024"]
[Source "ChessBase"]
[SourceDate "2023.10.10"]
[SourceVersion "1"]
[SourceVersionDate "2023.10.10"]
[SourceQuality "1"]

1. Nf3 d5 2. g3 g6 3. Bg2 Nf6 4. 0-0 Bg7 5. d3 Nc6 6. c3 e5 7. Bg5 h6 8. Bc1 Be6 9. Nbd2 0-0 10. b4 e4 11. Ne1 exd3 12. Nxd3 Nd7 13. Bb2 Nb6 14. Nc5 Rb8 15. Nxe6 fxe6 16. e4 Nxb4 17. Qg4 Qf6 18. exd5 exd5 19. Qxb4 Rbe8 20. Rab1 Re2 21. c4 d4 22. c5 Na4 23. Qc4+ Kh7 24. Qxe2 Nxb2 25. Ne4 Qd8 26. Qxb2 d3 27. Qd2 Re8 28. Rbd1 1-0

[Event "Milan Crespi op-B 30th"]
[Site "Milan"]
[Date "2009.12.07"]
[Round "5"]
[White "Regorda, Vittorio"]
[Black "Orsi, Matteo"]
[Result "1-0"]
[WhiteElo "1865"]
[BlackElo "1960"]
[PlyCount "131"]
[EventDate "2009.12.04"]
[EventType "swiss"]
[EventRounds "7"]
[EventCountry "ITA"]
[SourceTitle "EXT 2012"]
[Source "ChessBase"]
[SourceDate "2011.11.24"]
[SourceVersion "1"]
[SourceVersionDate "2011.11.24"]
[SourceQuality "1"]

1. d4 c6 2. Nf3 d5 3. g3 Nf6 4. Bg2 e6 5. 0-0 Be7 6. Nbd2 0-0 7. c4 Nbd7 8. Qc2 Qc7 9. cxd5 exd5 10. e4 dxe4 11. Nxe4 Nxe4 12. Qxe4 Nf6 13. Qc2 h6 14. Rd1 Be6 15. Bf4 Qb6 16. Qc1 Rad8 17. Be3 Qb5 18. Ne5 Ng4 19. Bf1 Qa5 20. Bd2 Bb4 21. Bf4 Bd6 22. Nxg4 Bxg4 23. Bxd6 Rxd6 24. Rd2 Rfd8 25. Qc3 Qxc3 26. bxc3 c5 27. Bg2 cxd4 28. cxd4 b6 29. h3 Be6 30. Rad1 Bd5 31. Bxd5 Rxd5 32. f3 f6 33. Kf2 Re8 34. Rd3 Kf7 35. R1d2 Re6 36. Ra3 a5 37. Rc3 b5 38. Rc7+ Re7 39. Rxe7+ Kxe7 40. Ke3 b4 41. Kd3 Rh5 42. h4 Kd6 43. Kc4 g5 44. hxg5 Rxg5 45. g4 h5 46. gxh5 Rxh5 47. Rd3 Rh2 48. Kb3 Kd5 49. Rd1 Rh4 50. Ka4 Rxd4 51. Rxd4+ Kxd4 52. Kxa5 Kc5 53. Ka6 f5 54. f4 Kd4 55. Kb5 Kc3 56. Kc5 Kd3 57. Kxb4 Ke4 58. a4 Kxf4 59. a5 Kg3 60. a6 f4 61. a7 f3 62. a8Q Kf2 63. Kc3 Ke2 64. Kd4 Kf2 65. Kd3 Kg3 66. Ke3 1-0

[Event "Erba op-A 1st"]
[Site "Erba"]
[Date "2007.02.24"]
[Round "3"]
[White "Agrifoglio, Fabio"]
[Black "Orsi, Matteo"]
[Result "0-1"]
[WhiteElo "2032"]
[BlackElo "1978"]
[PlyCount "148"]
[EventDate "2007.02.23"]
[EventType "swiss"]
[EventRounds "5"]
[EventCountry "ITA"]
[SourceTitle "EXT 2010"]
[Source "ChessBase"]
[SourceDate "2010.11.25"]
[SourceVersion "1"]
[SourceVersionDate "2010.11.25"]
[SourceQuality "1"]

1. d4 d6 2. Nf3 Nf6 3. c4 g6 4. Nc3 Bg7 5. e4 Nbd7 6. h3 e5 7. Be3 c6 8. dxe5 dxe5 9. Qd6 Qe7 10. Qc7 0-0 11. Rd1 Qb4 12. Bd2 Ne8 13. Nd5 Qxd2+ 14. Nxd2 Nxc7 15. Nxc7 Rb8 16. b4 Bf6 17. c5 Bd8 18. Nd5 cxd5 19. exd5 Nf6 20. Nc4 Bd7 21. Ne3 Ne4 22. Rc1 Rc8 23. Bd3 Nf6 24. 0-0 Nh5 25. Rfe1 f5 26. c6 bxc6 27. Ba6 Rb8 28. dxc6 Bxc6 29. Rxc6 Rxb4 30. Nd5 Re4 31. Rxe4 fxe4 32. Bc4 Kg7 33. Nc7 Nf4 34. Kh2 Kh6 35. g3 Nd3 36. Ne6 Rxf2+ 37. Kg1 Bb6 38. Rxb6 axb6 39. Bxd3 Rxa2 40. Bxe4 b5 41. h4 b4 42. Bd5 Rd2 43. Be4 b3 44. Ng5 b2 45. Nf7+ Kg7 46. Nxe5 Re2 47. Nc4 Rxe4 48. Nxb2 Re2 49. Nc4 Kf6 50. Kf1 Ra2 51. Ne3 Ke5 52. Ng4+ Ke4 53. h5 g5 54. Nf6+ Kf3 55. Ke1 Kxg3 56. Nxh7 g4 57. Nf6 Kh4 58. h6 Ra8 59. h7 Rh8 60. Ke2 Kg5 61. Ne4+ Kf4 62. Nf6 Kf5 63. Nd5 Rxh7 64. Kf2 Rh2+ 65. Kg3 Rh3+ 66. Kg2 Ra3 67. Kf2 g3+ 68. Kg2 Kg4 69. Nf6+ Kh4 70. Ne4 Ra2+ 71. Kf1 Kh3 72. Ng5+ Kh2 73. Nf3+ Kh1 74. Nh4 g2+ 0-1

[Event "Milan Crespi op 27th"]
[Site "Milan"]
[Date "2006.12.09"]
[Round "4"]
[White "Cavatorta, Fosco"]
[Black "Orsi, Matteo"]
[Result "0-1"]
[WhiteElo "1976"]
[BlackElo "1945"]
[PlyCount "120"]
[EventDate "2006.12.07"]
[EventType "swiss"]
[EventRounds "6"]
[EventCountry "ITA"]
[SourceTitle "EXT 2008"]
[Source "ChessBase"]
[SourceDate "2007.11.25"]
[SourceVersion "1"]
[SourceVersionDate "2007.11.25"]
[SourceQuality "1"]

1. Nf3 Nf6 2. g3 d5 3. Bg2 c6 4. 0-0 g6 5. b3 Bg7 6. Bb2 0-0 7. d3 Bg4 8. h3 Bxf3 9. Bxf3 Nbd7 10. e4 e6 11. Nd2 Qc7 12. Re1 dxe4 13. dxe4 e5 14. Nc4 Ne8 15. Ba3 c5 16. Ne3 Nef6 17. Nd5 Nxd5 18. Qxd5 b6 19. Bb2 Rfd8 20. Rad1 Nf8 21. Qc4 Ne6 22. Rd5 Ng5 23. Bg2 h5 24. Red1 Rxd5 25. Qxd5 Rc8 26. Qd7 Ne6 27. Qxc7 Rxc7 28. Rd5 f6 29. h4 Re7 30. Bh3 Nc7 31. Rd8+ Kf7 32. Bf1 Re8 33. Rd7+ Re7 34. Rd6 Ke8 35. Bh3 Na6 36. a3 Nc7 37. c4 Kf7 38. b4 cxb4 39. axb4 Ne6 40. Kf1 g5 41. hxg5 Nxg5 42. Bf5 Rc7 43. f4 exf4 44. gxf4 Nf3 45. c5 bxc5 46. bxc5 Nh4 47. Rd7+ Rxd7 48. Bxd7 Bf8 49. Ba3 Bh6 50. Bc1 Nf3 51. Kf2 Nd4 52. Ke3 Bxf4+ 53. Kxf4 Ne2+ 54. Kf5 Nxc1 55. e5 fxe5 56. Kxe5 Ke7 57. c6 Nd3+ 58. Kd4 Nb4 59. Kc5 Na6+ 60. Kb5 Nc7+ 0-1

[Event "Pavia Province-ch"]
[Site "Cilavegna"]
[Date "2006.01.08"]
[Round "5"]
[White "Orsi, Matteo"]
[Black "Fadali, Mustafa"]
[Result "0-1"]
[WhiteElo "1900"]
[BlackElo "2009"]
[PlyCount "60"]
[EventDate "2006.01.06"]
[EventType "swiss"]
[EventRounds "6"]
[EventCountry "ITA"]
[SourceTitle "EXT 2024"]
[Source "ChessBase"]
[SourceDate "2023.10.10"]
[SourceVersion "1"]
[SourceVersionDate "2023.10.10"]
[SourceQuality "1"]

1. d4 d5 2. c4 c6 3. Nc3 Nf6 4. Nf3 e6 5. cxd5 exd5 6. Bg5 Nbd7 7. e3 Qa5 8. Bxf6 Nxf6 9. Qc2 Bb4 10. Bd3 Bg4 11. Ne5 Be6 12. 0-0 0-0 13. Rac1 Bd6 14. f3 Rac8 15. Ng4 Bxg4 16. fxg4 Bxh2+ 17. Kh1 Qc7 18. Rxf6 gxf6 19. Bxh7+ Kg7 20. g5 fxg5 21. Bf5 Rce8 22. e4 Bf4 23. e5 Rh8+ 24. Kg1 Be3+ 25. Kf1 Rh1+ 26. Ke2 Rxc1 27. Qd3 Bxd4 28. Kd2 Rxc3 29. bxc3 Bxe5 30. Bg4 Bf4+ 0-1

[Event "Robecchetto op-B"]
[Site "Robecchetto"]
[Date "2005.12.28"]
[Round "3"]
[White "Orsi, Matteo"]
[Black "Bettini, Massimo"]
[Result "1-0"]
[WhiteElo "1877"]
[BlackElo "1923"]
[PlyCount "93"]
[EventDate "2005.12.27"]
[EventType "swiss"]
[EventRounds "6"]
[EventCountry "ITA"]
[SourceTitle "CBM 110 Extra"]
[Source "ChessBase"]
[SourceDate "2006.03.10"]
[SourceVersion "2"]
[SourceVersionDate "2006.03.10"]
[SourceQuality "1"]

1. d4 Nf6 2. c4 g6 3. Nc3 Bg7 4. e4 d6 5. Nge2 0-0 6. Ng3 e5 7. d5 a5 8. Be2 Na6 9. 0-0 Nc5 10. Bg5 Bd7 11. Qc2 Qe8 12. Rae1 Kh8 13. f4 Ng8 14. f5 f6 15. Be3 b6 16. fxg6 hxg6 17. Nb5 Bxb5 18. cxb5 Bh6 19. Bxh6 Nxh6 20. a4 Kg7 21. Rf2 Rf7 22. Bd1 Qh8 23. Ref1 Qh7 24. h3 Rh8 25. Qe2 Ng8 26. Qg4 Ne7 27. Nf5+ Kf8 28. Ne3 Kg7 29. Qg3 Nd3 30. Nf5+ Nxf5 31. Qxd3 Nd4 32. Bg4 Rhf8 33. Be6 Re7 34. Rc1 Qh4 35. Rc4 Nxe6 36. dxe6 Rxe6 37. Rxc7+ Rf7 38. Rc6 f5 39. Rxd6 Rxd6 40. Qxd6 Qxe4 41. Qd1 Qd4 42. Qxd4 exd4 43. Kf1 Rd7 44. Ke2 Kf6 45. Kd3 Ke5 46. Rc2 Kd5 47. Rc6 1-0